Sports Quiz

Random Sports or Numbers Quiz

Players Since 2000 With 10+ Triples Quiz Stats

 Plays Quiz not verified by Sporcle

Challenge
Share
Tweet
Embed
Score 0/42 Timer 13:00
0 Plays Today
Teams Player % Correct
PHIJimmy Rollins
97.3%
TBD/TBRCarl Crawford
95.5%
NYMJose Reyes
91.1%
COL/FLA/CHCJuan Pierre
75.3%
DETCurtis Granderson
69.9%
CLEGrady Sizemore
69.2%
ANA/LAAChone Figgins
68.8%
KCRCarlos Beltran
67.1%
BOSJacoby Ellsbury
66.8%
KCR/BOSJohnny Damon
65.4%
FLAHanley Ramirez
58.6%
PHIShane Victorino
57.5%
SEAIchiro Suzuki
57.2%
FLALuis Castillo
56.8%
MONVladimir Guerrero
51.7%
ATLRafael Furcal
48.6%
ARIStephen Drew
44.5%
HOUMichael Bourn
42.8%
PHIBobby Abreu
37%
ATLKelly Johnson
36.3%
MINCristian Guzman
35.3%
Teams Player % Correct
ARI/SFGSteve Finley
32.5%
MINDenard Span
31.2%
PITJack Wilson
29.5%
SDPDave Roberts
28.4%
LADKenny Lofton
27.7%
ARITony Womack
25.3%
DETCarlos Guillen
25%
BOSNomar Garciaparra
24.3%
COLDexter Fowler
21.9%
CLERoberto Alomar
21.2%
CHWRay Durham
20.2%
SFGOmar Vizquel
19.2%
COLNeifi Perez
16.4%
SDP-SEAAl Martin
16.4%
DETRoger Cedeno
12.3%
ANAAdam Kennedy
12%
SFGFred Lewis
11%
NYMAngel Pagan
10.3%
COLJuan Uribe
9.9%
TBDAkinori Iwamura
8.6%
COLCory Sullivan
3.4%

You're not logged in!

Compare scores with friends on all Sporcle quizzes.
Join for Free
OR
Log In

You Might Also Like...

Show Comments

Extras

Top Quizzes Today


Score Distribution

Your Account Isn't Verified!

In order to create a playlist on Sporcle, you need to verify the email address you used during registration. Go to your Sporcle Settings to finish the process.

Report this User

Report this user for behavior that violates our Community Guidelines.

Details: